000 00925cam a2200205 4500
001 L135984
008 061221n2006 000 0 eng u
035 _a(Sirsi) u135984
041 0 _aeng
110 1 _aUnited Kingdom
_bParliament
_bHouse of Commons
_92119
245 _aPlanning-gain supplement (preparations) bill 2006-07
260 _aLondon
_bUK Parliament
_c2006
520 _aThis Bill aims to permit expenditure in preparation for the imposition of a tax on the increase in the value of land resulting from the grant of permission for development.
590 _aKA
650 2 4 _aPLANNING-GAIN SUPPLEMENT (PREPARATIONS BILL) 2006
651 4 _aUnited Kingdom
_y
710 _aUnited Kingdom
_bHer Majesty's Treasury
856 4 0 _au
_http://www.publications.parliament.uk/pa/pabills/200607/planning_gain_supplement_preparations.htm
_zView the Bill free of charge at www.publications.parliament.uk...
942 _n0
999 _c106269
_d106269